Tripoints - Missing Country #2 - Statistics

General Stats
  • This quiz has been taken 1,255 times
    1,190 since last reset
  • The average score is 14 of 15
Answer Stats
Country 1 Country 2 Country 3 % Correct
Tunisia Libya Algeria
99%
Chile Peru Bolivia
99%
Germany Netherlands Belgium
98%
North Korea China Russia
98%
Slovenia Italy Austria
97%
Venezuela Colombia Brazil
97%
Syria Jordan Israel
97%
Greece Turkey Bulgaria
96%
Mauritania Algeria Morocco
94%
Lithuania Russia Poland
94%
Bangladesh Myanmar India
93%
Liberia Sierra Leone Guinea
91%
Kazakhstan Uzbekistan Turkmenistan
90%
Gabon R. Congo Cameroon
89%
Bulgaria Romania Serbia
89%
No matching quizzes found
Score Distribution
Percent of People with Each Score
Percentile by Number Answered
Your Score History
You have not taken this quiz since the last reset